5HLuxD.jpg

KING HENRY VIII SENIOR AND PRIMARY SCHOOL LIBRARY OPAC

THE BUILDING BOY (Record no. 4769)

000 -LEADER
fixed length control field 00355nam a22001217a 4500
008 - FIXED-LENGTH DATA ELEMENTS--GENERAL INFORMATION
fixed length control field 250320b ||||| |||| 00| 0 eng d
020 ## - INTERNATIONAL STANDARD BOOK NUMBER
International Standard Book Number 9780571314096
082 ## - DEWEY DECIMAL CLASSIFICATION NUMBER
Classification number 823.92 MON
100 ## - MAIN ENTRY--PERSONAL NAME
Personal name MONTGOMERY,ROSS
Relator term AUTHOR
245 ## - TITLE STATEMENT
Title THE BUILDING BOY
260 ## - PUBLICATION, DISTRIBUTION, ETC.
Place of publication, distribution, etc. BLOOMSBURY HOUSE, 74-77 GREAT RUSELL STREET,LONDON WC1B 3DA
Name of publisher, distributor, etc. FABER & FABER LIMITED
942 ## - ADDED ENTRY ELEMENTS (KOHA)
Source of classification or shelving scheme
Holdings
Withdrawn status Lost status Source of classification or shelving scheme Damaged status Not for loan Collection code Permanent Location Current Location Shelving location Date acquired Total Checkouts Full call number Barcode Date last seen Date last checked out Price effective from Koha item type Public note
          Fiction KH8 Primary School Library KH8 Primary School Library Fiction 2025-03-20 7 E FIC MON KHPL000006603 2026-03-10 2026-03-03 2025-03-20 Books - Fiction KH8 PRIMARY LIBRARY

Powered By KH8 IT Dept